Medical-surgical nursing : (Record no. 6533)

MARC details
000 -LEADER
fixed length control field 00707nam a22001937a 4500
003 - CONTROL NUMBER IDENTIFIER
control field OSt
005 - DATE AND TIME OF LATEST TRANSACTION
control field 20251128083700.0
008 - FIXED-LENGTH DATA ELEMENTS--GENERAL INFORMATION
fixed length control field 251128b |||||||| |||| 00| 0 eng d
020 ## - INTERNATIONAL STANDARD BOOK NUMBER
International Standard Book Number 971-513-167-0
040 ## - CATALOGING SOURCE
Original cataloging agency DWC-Main Lib
Transcribing agency OC
082 ## - DEWEY DECIMAL CLASSIFICATION NUMBER
Edition number 1st edition
Classification number Fil. 610.73 Q6m 2002
100 ## - MAIN ENTRY--PERSONAL NAME
Personal name Quiambao, J.
245 ## - TITLE STATEMENT
Title Medical-surgical nursing :
Remainder of title concepts and clinical application (a reference book and study guide)
Statement of responsibility, etc. Quiambao, Josie U.
250 ## - EDITION STATEMENT
Edition statement 1st edition
260 ## - PUBLICATION, DISTRIBUTION, ETC.
Place of publication, distribution, etc. Manila :
Name of publisher, distributor, etc. Educational Publishing House,
Date of publication, distribution, etc. c2002
300 ## - PHYSICAL DESCRIPTION
Extent vi, 556 pages :
Dimensions 26 cm.
504 ## - BIBLIOGRAPHY, ETC. NOTE
Bibliography, etc. note Includes references
942 ## - ADDED ENTRY ELEMENTS (KOHA)
Source of classification or shelving scheme Dewey Decimal Classification
Koha item type Book-Filipiniana
Edition 1st edition
Classification part Fil. 610.73 Q6m 2002
Call number prefix Fil.
Suppress in OPAC No
952 ## - LOCATION AND ITEM INFORMATION (KOHA)
--
952 ## - LOCATION AND ITEM INFORMATION (KOHA)
--
Holdings
Withdrawn status Lost status Source of classification or shelving scheme Damaged status Not for loan Home library Current library Shelving location Date acquired Source of acquisition Cost, normal purchase price Total Checkouts Full call number Barcode Date last seen Copy number Price effective from Koha item type Uniform Resource Identifier
    Dewey Decimal Classification     HM & Nursing Library HM & Nursing Library Filipiniana 09/14/2005 School Fund 320.00   Fil. 610.73 Q6m 2002 HMN42392 11/28/2025 c2 11/28/2025 BK - FIL
    Dewey Decimal Classification     HM & Nursing Library HM & Nursing Library Filipiniana 09/14/2005 School Fund 320.00   Fil. 610.73 Q6m 2002 HMN42391 11/28/2025 c1 11/28/2025 BK - FIL